Statistics for Cities by Letter - D

Click here to take the quiz!

General Stats

  • This quiz has been taken 93 times
  • The average score is 15 of 22

Answer Stats

ClueCity% Correct
Home to the Burj KhalifaDubai
98%
Motown, Renaissance Center, MadonnaDetroit
90%
The White CliffsDover
89%
25,000 died here while being firebombed in WW2Dresden
89%
Major cities of the Rhine-Ruhr areaDüsseldorf
89%
Capital of East TimorDili
85%
The Mile High CityDenver
83%
Busiest port in South AfricaDurban
83%
Same name as the country it is the capital ofDjibouti
81%
Capital of IowaDes Moines
79%
Akshardham, India Gate, Red FortDelhi
74%
On the River LiffeyDublin
72%
Souq Waqif, Museum of Islamic Art, Al-CornicheDoha
68%
Largest city in the Burgundy regionDijon
64%
Location of WWII evacuation for Allied forcesDunkirk
59%
Major cities of the Rhine-Ruhr areaDortmund
53%
'Capital' of Ukrainian rebel held self proclaimed stateDonetsk
52%
Once called Jahangir Nagar during the Mughal EmpireDhaka
38%
Biggest city on MindanaoDavao City
37%
Largest port on the Persian GulfDammam
33%
Major cities of the Rhine-Ruhr areaDuisburg
33%
Formely called MzizimaDar es Salaam
28%

Score Distribution

Percentile by Number Answered

Percent of People with Each Score

Your Score History

You have not taken this quiz